Predstava o jednoduchej ceste k transformácii poľnohospodárstva sa nenaplnila Poľnohospodárstvo na Slovensku sa v procese transformácie dostalo do veľmi zložitej situácie

Analýza príčin súčasného nepriaznivého stavu slovenského poľnohospodárstva. Hlavná príčina - nešpecifické uplatňovanie princípov transformácie v tomto chúlostivom sektore. Nedocenenosť zásahov a zmien v centre a podnikoch. Hospodárska recesia a jej vplyv na poľnohospodárstvo. Dotácie, dane. Tvrdá úv...

Full description

Saved in:
Bibliographic Details
Main Author: Pitoňák, A.
Format: Book Chapter
Language:Slovak
Subjects:
Tags: Add Tag
No Tags, Be the first to tag this record!

MARC

LEADER 00000naa a2200000 4500
001 r024395
005 20221213101021.9
041 0 |a slo 
044 |a SK 
245 1 0 |a Predstava o jednoduchej ceste k transformácii poľnohospodárstva sa nenaplnila  |b Poľnohospodárstvo na Slovensku sa v procese transformácie dostalo do veľmi zložitej situácie  |c A. Pitoňák 
520 |a Analýza príčin súčasného nepriaznivého stavu slovenského poľnohospodárstva. Hlavná príčina - nešpecifické uplatňovanie princípov transformácie v tomto chúlostivom sektore. Nedocenenosť zásahov a zmien v centre a podnikoch. Hospodárska recesia a jej vplyv na poľnohospodárstvo. Dotácie, dane. Tvrdá úverová politika komerčných bánk. Priority agrárnej politiky SR na r.1995. 
610 2 0 |a poľnohospodárstvo 
610 2 0 |a Slovensko 
610 2 0 |a transformácia 
610 2 0 |a dotácie 
610 2 0 |a ceny 
610 2 0 |a úver bankový 
610 2 0 |a legislatíva 
610 2 0 |a politika poľnohospodárska 
610 2 0 |a 1989-1994 
610 2 0 |a 1995 
100 1 |a Pitoňák, A.